书目信息 |
| 题名: |
配电自动化终端建设及改造
|
|
| 作者: | 李晋 主编 | |
| 分册: | ||
| 出版信息: | 北京 中国电力出版社 2021 |
|
| 页数: | 185页 | |
| 开本: | 24cm | |
| 丛书名: | ||
| 单 册: | ||
| 中图分类: | TM76 | |
| 科图分类: | ||
| 主题词: | 配电自动化--终端设备--建设 , 配电自动化--终端设备--改造 | |
| 电子资源: | ||
| ISBN: | 978-7-5198-5912-1 | |
| 000 | 00879nam0 2200229 450 | |
| 001 | 2230345084 | |
| 005 | 20221001082553.64 | |
| 010 | @a978-7-5198-5912-1@dCNY50.00 | |
| 100 | @a20220324d2021 em y0chiy50 ea | |
| 101 | 0 | @achi |
| 102 | @aCN@b110000 | |
| 105 | @aa z 000yy | |
| 200 | 1 | @a配电自动化终端建设及改造@9pei dian zi dong hua zhong duan jian she ji gai zao@f国网浙江省电力有限公司组编 |
| 210 | @a北京@c中国电力出版社@d2021 | |
| 215 | @a185页@c图@d24cm | |
| 330 | @a本书针对配电自动化工作中遇到的问题,从配电自动化典型设计、现场查勘、施工、验收等阶段进行阐述,具体包括:配电自动化概述、配电线路网架、配电自动化终端设备、馈线自动化实现模式、配电自动化工程现场查勘等。 | |
| 606 | 0 | @a配电自动化@x终端设备@x建设 |
| 606 | 0 | @a配电自动化@x终端设备@x改造 |
| 690 | @aTM76@v5 | |
| 701 | 0 | @a李晋@9li jin@4主编 |
| 801 | 0 | @aCN@b91MARC@c20220425 |
| 905 | @aZUCC@dTM76@e4 | |
| 配电自动化终端建设及改造/国网浙江省电力有限公司组编.-北京:中国电力出版社,2021 |
| 185页:图;24cm |
| ISBN 978-7-5198-5912-1:CNY50.00 |
| 本书针对配电自动化工作中遇到的问题,从配电自动化典型设计、现场查勘、施工、验收等阶段进行阐述,具体包括:配电自动化概述、配电线路网架、配电自动化终端设备、馈线自动化实现模式、配电自动化工程现场查勘等。 |
| ● |
| 相关链接 |
|
|
|
正题名:配电自动化终端建设及改造
索取号:TM76/4
 
预约/预借
| 序号 | 登录号 | 条形码 | 馆藏地/架位号 | 状态 | 备注 |
| 1 | 2000909854 | 2000909854 | 第三书库/ [索取号:TM76/4] | 在馆 | |
| 2 | 2000909855 | 2000909855 | 第三书库/ [索取号:TM76/4] | 在馆 | |
| 3 | 2000909856 | 2000909856 | 第三书库/ [索取号:TM76/4] | 在馆 |